| 000 | 00770nam a2200241 a 4500 | ||
|---|---|---|---|
| 001 | 000032054 | ||
| 003 | DO-SdBNP | ||
| 005 | 20220819143421.0 | ||
| 007 | ta | ||
| 008 | 110426s20uu dr 000 0 spa d | ||
| 040 |
_aDO-SdBNP _bspa _cBNPHU |
||
| 082 | 4 |
_aRD861.5 _bV145poe _222 |
|
| 100 | 1 |
_aValdez Almonte, Victor A. _956567 |
|
| 245 | 1 | 0 |
_aPoemas, pensamientos y reflexión sobre el conocimiento de Dios. / _cVictor A. Valdez Almonte. |
| 260 |
_a[Santo Domingo] : _b[s.n.], _c[200-?]. |
||
| 300 |
_a16 p. ; _c22 cm. |
||
| 590 | _aInventariado 2022/MFF | ||
| 650 | 4 |
_aPoesía religiosa dominicana _924595 |
|
| 650 | 4 |
_a Dios _v Citas, máximas, etc. _982195 |
|
| 650 | 4 | _aLiteratura dominicana | |
| 910 | _aValidado. Control de calidad MFF | ||
| 942 |
_2ddc _cLBS1 |
||
| 999 |
_c31545 _d31545 |
||